Loading...
Literature - World Literature | 1 | 2 | 0 | 1 | 35 | 66 | 94.33 | 1 | 3 |
History - World History | 0 | 3 | 0 | 0 | 30 | 93 | 97.67 | 0 | 3 |
Literature - British Literature | 1 | 1 | 0 | 1 | 25 | 43 | 79.50 | 1 | 2 |
Fine Arts - Visual Fine Arts | 0 | 2 | 0 | 0 | 20 | 98 | 109.00 | 0 | 2 |
Social Science | 0 | 1 | 0 | 0 | 10 | 87 | 87.00 | 0 | 1 |
History - American History | 0 | 1 | 0 | 0 | 10 | 105 | 105.00 | 0 | 1 |
Literature - European Literature | 0 | 1 | 0 | 0 | 10 | 130 | 130.00 | 0 | 1 |
Mythology | 0 | 2 | 2 | 0 | 10 | 89 | 114.50 | 1 | 2 |
Other Academic | 0 | 1 | 0 | 1 | 10 | 144 | 144.00 | 0 | 1 |
Science - Other Science | 0 | 1 | 0 | 0 | 10 | 129 | 129.00 | 0 | 1 |
History - Other History | 0 | 1 | 1 | 1 | 5 | 128 | 128.00 | 0 | 1 |
Religion | 0 | 1 | 2 | 0 | 0 | 81 | 81.00 | 0 | 1 |
Science - Chemistry | 0 | 0 | 1 | 0 | -5 | 0.00 | 0 | 0 | |
Fine Arts - Other Fine Arts | 0 | 0 | 1 | 0 | -5 | 0.00 | 0 | 0 |